Lire Patrick Modiano (notice n° 1926028)

détails MARC
000 -LEADER
fixed length control field 01207cam a2200133 4500500
005 - DATE AND TIME OF LATEST TRANSACTION
control field 20260329023259.0
041 ## - LANGUAGE CODE
Language code of text/sound track or separate title fre
042 ## - AUTHENTICATION CODE
Authentication code dc
100 10 - MAIN ENTRY--PERSONAL NAME
Personal name Blanckeman, Bruno
Relator term author
245 00 - TITLE STATEMENT
Title Lire Patrick Modiano
260 ## - PUBLICATION, DISTRIBUTION, ETC.
Name of publisher, distributor, etc. Armand Colin,<br/>
Date of publication, distribution, etc. 2009.<br/>
520 ## - SUMMARY, ETC.
Summary, etc. Patrick Modiano a été récompensé par le prix Nobel 2014 de littérature pour « l'art de la mémoire avec lequel il a évoqué les destinées humaines les plus insaisissables et dévoilé le monde de l'Occupation ». Dans ses romans, il entrelace les fils d’une trame à chaque fois différente, tissu de déterminations historiques et intimes. L’écrivain tente de saisir des existences qui toujours lui échappent, la sienne comme celles des autres, pareillement entrevues et perdues. Trouble et malaise esquissent ainsi l’histoire incertaine d’une civilisation, d’une famille, d’une littérature, unies dans un même désastre. Le présent ouvrage suit le parcours de cette oeuvre singulière, aux prises avec les infinies variations d’une écriture attachée à saisir d’insaisissables vérités.
856 41 - ELECTRONIC LOCATION AND ACCESS
Uniform Resource Identifier <a href="https://shs.cairn.info/lire-patrick-modiano--9782200243272?lang=fr&redirect-ssocas=7080">https://shs.cairn.info/lire-patrick-modiano--9782200243272?lang=fr&redirect-ssocas=7080</a>

Pas d'exemplaire disponible.

PLUDOC

PLUDOC est la plateforme unique et centralisée de gestion des bibliothèques physiques et numériques de Guinée administré par le CEDUST. Elle est la plus grande base de données de ressources documentaires pour les Étudiants, Enseignants chercheurs et Chercheurs de Guinée.

Adresse

627 919 101/664 919 101

25 boulevard du commerce
Kaloum, Conakry, Guinée

Réseaux sociaux

Powered by Netsen Group @ 2025